| 000 -ლიდერი |
| ფიქსირებული სიგრძის საკონტროლო ველი |
01834nam a2200289Ia 4500 |
| 001 - საკონტროლო ნომერი |
| საკონტროლო ველი |
2701 |
| 003 - საკონტროლო ნომრის იდენტიფიკატორი |
| საკონტროლო ველი |
GE_BSU |
| 005 - ბოლო ოპერაციის თარიღი და დრო |
| საკონტროლო ველი |
20190605175411.0 |
| 008 - ფიქსირებული სიგრძის მონაცემთა ელემენტები - ზოგადი ინფორმაცია |
| ფიქსირებული სიგრძის საკონტროლო ველი |
181216s2012||||ge |||||||||||||| ||geo|| |
| 020 ## - წიგნის საერთაშორისო სტანდარტული ნომერი |
| International Standard Book Number |
9789941175893 |
| 040 ## - კატალოგიზაციის წყარო |
| Transcribing agency |
GE_BSU |
| 041 ## - ენის კოდი |
| Language code of text/sound track or separate title |
geo |
| 080 ## - უნივერსალური ათობითი კლასიფიკაციის ინდექსი |
| Universal Decimal Classification number |
32.001(479.22)+327(479.22) დ-39 |
| 245 ## - ცნობა სათაურის შესახებ |
| Title |
დემოკრატიზაციის პროცესი, რეგიონული კონტექსტი, ეროვნული უმცირესობები და კონფლიქტის ტრანსფორმაცია საქართველოში : |
| Remainder of title |
სიტუაციური ანალიზი, 2011 წლის ივლისი-სექტემბერი / |
| Statement of responsibility, etc |
სოციალური კვლევისა და ანალიზის ინ-ტი. |
| 264 ## - წარმოების, გამოცემის, დისტრიბუციის და სხვა ცნობები |
| გამოცემის, წარმოების, დისტრიბუციის... ადგილი |
თბილისი : |
| გამოცემის, წარმოების, დისტრიბუციის... სახელწოდება |
უნივერსალი, |
| გამოცემის, წარმოების, დისტრიბუციის... თარიღი |
2012. |
| 300 ## - ფიზიკური აღწერა |
| Extent |
143 გვ. ; |
| Other physical details |
20 სმ. |
| 653 ## - INDEX TERM--UNCONTROLLED |
| Uncontrolled term |
ეროვნული უმცირესობები საქართველოში |
| 653 ## - INDEX TERM--UNCONTROLLED |
| Uncontrolled term |
კონფლიქტების მოგვარება |
| 653 ## - INDEX TERM--UNCONTROLLED |
| Uncontrolled term |
დემოკრატია საქართველოში |
| 700 ## - ADDED ENTRY--PERSONAL NAME |
| Personal name |
არეშიძე, მამუკა |
| Relator term |
ავტორი |
| 9 (RLIN) |
2154 |
| 700 ## - ADDED ENTRY--PERSONAL NAME |
| Personal name |
დავითაშვილი, ზურაბ |
| Relator term |
ავტორი |
| 9 (RLIN) |
976 |
| 700 ## - ADDED ENTRY--PERSONAL NAME |
| Personal name |
გოგოლაშვილი, კახა |
| Relator term |
ავტორი |
| 9 (RLIN) |
2155 |
| 700 ## - ADDED ENTRY--PERSONAL NAME |
| Personal name |
ვოლსკი, გია |
| Relator term |
ავტორი |
| 9 (RLIN) |
2156 |
| 700 ## - ADDED ENTRY--PERSONAL NAME |
| Personal name |
კაჭკაჭიშვილი, იაგო და სხვ. |
| Relator term |
ავტორი |
| 9 (RLIN) |
2157 |
| 710 ## - ADDED ENTRY--CORPORATE NAME |
| Corporate name or jurisdiction name as entry element |
სოციალ. კვლევისა და ანალიზის ინ-ტი |
| 9 (RLIN) |
2158 |
| 942 ## - ADDED ENTRY ELEMENTS (KOHA) |
| Koha item type |
წიგნი |
| Source of classification or shelving scheme |
|